Dve prasiatka

Bibliographic Details
Main Author: Milčák, Ján, 1935-2024 (Author)
Format: Article
Language:Slovak
ISSN:ISSN 0139-911X
Subjects:

MARC

LEADER 00000nab a2200000 a 4500
001 vtls010238140
003 SK-MaSNL
005 20260303225457.0
008 110221c2011 xo m p 000 0 slo
015 |a SNBRB 2011/02 
040 |a KEKMK  |b slo  |c KEKMK  |e AACR2 
041 |a slo 
044 |a xo  |c SK 
080 |a 82-93  |2 2001 
100 1 |a Milčák, Ján,  |d 1935-2024  |4 aut  |9 108699 
245 1 0 |a Dve prasiatka  |c Ján Milčák 
650 0 7 |a literatúra pre deti a mládež  |2 kekmk  |9 21893 
773 0 |t Slniečko  |g Roč. 65, č.2(október 2010), s.2.  |x ISSN 0139-911X 
852 |a KEKMK  |b KIS3G 
958 |a DB 
999 |c 2257253  |d 2259183